Kalderaština v Bulharsku

Podrobná bibliografia
Hlavný autor: Bernal, Jorge M. F. (Author)
Ďalší autori: Ludlová, Nikola (Translator)
Médium: Článok
Jazyk:Czech
Témy:
On-line prístup:http://www.dzaniben.cz/?m=SA&p=200901&i=20090105
Zdroj: 1. Romano džaniben 1. 1210-8545 1. Roč. 16, č. ňilaj (2009), s. 121-133
LEADER 00931nab#a2200349#ar4500
001 000103321
003 SVKKK
005 20101209145223.0
008 050524c2009 xr e cze
FMT
038 |a SVKKK 
040 |a SVKKK  |b slo  |e AACR2 
041 0 |a cze  |b eng 
044 |a xr  |c CZ 
080 |a 811.214.58  |x (497.2)  |2 1997 
100 1 |a Bernal, Jorge M. F.  |4 aut 
245 1 0 |a Kalderaština v Bulharsku  |c Jorge M. F. Bernal ; Nikola Ludlová 
300 |b Fotogr. 
504 |a Bibliogr. odkazy 
546 |a Res. angl. 
650 0 4 |a kalderašskí Rómovia  |x rómsky jazyk  |z Bulharsko 
655 4 |a romiká 
700 1 |a Ludlová, Nikola  |4 trl 
773 0 |t Romano džaniben  |x 1210-8545  |g Roč. 16, č. ňilaj (2009), s. 121-133 
958 |a NB 
958 |a RQ 
974 |a Fav 
992 |a RBX 
BAS
856 4 1 |u http://www.dzaniben.cz/?m=SA&p=200901&i=20090105 
852 |a SVKKK  |b BIB 
998 |a ROM